| 000 | 00555nam a22002177a 4500 | ||
|---|---|---|---|
| 003 | BUBTL | ||
| 008 | 160831b xxu||||| |||| 00| 0 eng d | ||
| 020 | _a978-81-7758-230-7 | ||
| 082 | _a530.12GRI | ||
| 100 |
_9830 _aGriffith,David J. |
||
| 245 | _aIntroduction to Quantum Mechanics | ||
| 250 | _a2nd | ||
| 260 |
_aNew Delhi _bPearson _cc2005 |
||
| 300 |
_a480p. _c24cm. |
||
| 650 | 0 |
_9124 _aMathematics |
|
| 700 |
_9831 _aGriffith,David J. |
||
| 760 | _b2nd | ||
| 856 |
_k0 _l0 _yDownload |
||
| 942 |
_2ddc _cBK |
||
| 999 |
_c5345 _d5345 |
||